Responses for show #4376 - Monday, September 22, 2003

2003 Back to School Week game 1.
Game data retrieved from an alternate archive.

Contestants

Aaron Sauter, a sixth-grader from New Hope, Pennsylvania

Jake Logan, from Fort Washington, Maryland

Mariah Black, from Canal Winchester, Ohio

Jeopardy! Round responses

BODIES OF WATER
THE NAME GAME
"R" MOVIES
AT THE BEACH
DRESSING UP
HOMOPHONES
    $200 1
the Pacific

Mariah
    $200 13
Cameron

Jake
    $200 6
Raiders of the Lost Ark

Triple Stumper
    $200 11
driftwood

Mariah
    $200 21
a pearl

Aaron
    $200 26
read (red)

Jake
    $400 2
Utah

Mariah
    $400 14
(Alex: Say something.)
(Mariah: I don't know.)
(Alex: Oh, that's too bad.)

Brie

Mariah
Triple Stumper
    $400 7
Return to Neverland

Mariah
    $400 12
a sandcastle

Jake
    $400 22
high heels

Aaron
    $400 27
blew (blue)

Jake
    $600 3
China

Jake
    $600 15
Shalom

Triple Stumper
    $600 8
(Mariah: What is The Rugrats Gone Wild?)

Rugrats Go Wild

MariahJake
    $600 18
spike

Jake
    $600 23
tails

Aaron
    $600 28
cent (sent)

Aaron
    $800 4
the English Channel

Triple Stumper
    $800 16
Gwen

Triple Stumper
    $800 9
The Rookie

Aaron
    $800 19
Banana

Jake
    $800 24
a veil

Jake
    $800 29
wade (weighed)

Aaron
    $400 5
the Nile

Jake
    $1000 17
Aaron

Mariah
    $1000 10
The Road to El Dorado

Aaron
    $1000 20
a skimboard

Aaron
    $1000 25
a train

Triple Stumper

Scores at the first commercial break (after clue 15):

Mariah Jake Aaron
$200 $2,200 $1,800

Scores at the end of the Jeopardy! Round:

Mariah Jake Aaron
$1,200 $5,000 $5,400

Double Jeopardy! Round responses

SCIENTISTS & iNVENTORS
WHERE'D YOU GO ON VACATION
THREE'S A CROWD
PEACE OUT
OPERA SCARES ME
"EAK"!
    $400 6
Albert Einstein

Jake
    $400 1
Mark Twain

Aaron
    $400 24
Christopher Columbus

Aaron
    $400 19
Spain

Jake
    $400 11
Ivan

Jake
    $400 14
a beak

Aaron
    $800 7
Thomas Edison

Jake
    $800 2
the FBI

Aaron
    $800 25
Donald Duck

Aaron
    $800 20
Japan

Aaron
    $800 12
a planet

Triple Stumper
    $800 15
weak

Aaron
    $1200 8
Alexander Graham Bell

Jake
    $1200 3
Australia

Aaron
    $1200 26
the Three Kings (or Three Wise Men)

Mariah
    $1200 21
Abraham Lncoln

Aaron
    $1200 13
a nose

Triple Stumper
    $1200 16
squeak

Jake
    $2,000 9
the Wright brothers

Jake
    $1600 4
the Rose Bowl

Jake
    $1600 27
a tub

Jake
    $1600 22
pope

Triple Stumper
    $1600 29
a dragon

Aaron
    $1600 17
peak

Jake
    $2000 10
Isaac Newton

Triple Stumper
    $2000 5
Gerald Ford

Jake
    $4,000 28
the Three Musketeers

Jake
    $2000 23
(Jake: What is Cyprus?)

Ireland

Jake
Triple Stumper
    $2000 30
Marie Antoinette

Aaron
    $2000 18
(Aaron: What is meek?)

bleak

Aaron
Triple Stumper

Scores at the end of the Double Jeopardy! Round:

Mariah Jake Aaron
$2,400 $20,200 $13,800

[wagering suggestions for these scores]

Final Jeopardy! Round responses

U.S. CITIES
MariahWhat is Boston (MA)?
$2,400
AaronWhat is New York?
$3,800
JakeWhat is Boston?
$6,401
Boston

Final scores:

Mariah Jake Aaron
$4,800 $26,601 $10,000
3rd place: $1,000 + Classroom Jeopardy! + a $1,000 Dell Computer gift certificate Winner: $26,601 + Classroom Jeopardy! + a $1,000 Dell Computer gift certificate 2nd place: $2,000 + Classroom Jeopardy! + a $1,000 Dell Computer gift certificate

Game dynamics:

Coryat scores:

Mariah Jake Aaron
$2,400 $18,400 $13,800
6 R,
2 W
22 R
(including 3 DDs),
1 W
19 R,
1 W

Combined Coryat: $34,600

The J! Archive is created by fans, for fans. The Jeopardy! game show and all elements thereof, including but not limited to copyright and trademark thereto, are the property of Jeopardy Productions, Inc. and are protected under law. This website is not affiliated with, sponsored by, or operated by Jeopardy Productions, Inc. Join the discussion at JBoard.tv.